| 000 | 00725nam a2200265Ia 4500 | ||
|---|---|---|---|
| 005 | 20260121170519.0 | ||
| 008 | 008 260114s9999 xx 000 0 eng d | ||
| 020 | _a9789811301254 | ||
| 037 | _aEBOOK | ||
| 040 | _aCRL | ||
| 040 | _beng | ||
| 040 | _cCRL | ||
| 041 | _2eng | ||
| 041 | _aeng | ||
| 084 | _qCRL | ||
| 100 |
_aAnnan Zhou, Junliang Tao, Xiaoqiang Gu, Liangbo Hu _91064820 |
||
| 245 | 0 | _aProceedings of GeoShanghai 2018 International Conference: Fundamentals of Soil Behaviours | |
| 260 | _bSpringer | ||
| 260 | _bSpringer | ||
| 260 | _c2018 | ||
| 856 | _uhttps://link.springer.com/openurl?genre=book&isbn=978-981-13-0125-4 | ||
| 942 | _cEBOOK | ||
| 999 |
_c1630550 _d1630550 |
||